000 00684nam a2200205 a 4500
005 20230929063745.0
008 030813s1995 mx r 000 0 spa d
020 _a9509467618
035 _aUPN01000127846
049 _aCG
050 4 _aLC149.7
_bR3.5
100 1 _aRamírez Garrido, Juan Daniel
245 1 0 _aUsos de la palabra y sus tecnologías :
_buna aproximación dialógica al estudio de la alfabetización /
_cJuan Daniel Ramírez Garrido.
260 _aBuenos Aires :
_bMiño y Dávila,
_c[1995].
300 _a138 p.
440 0 _aAprendizaje y subjetividad
650 4 _aAlfabetización (Educación)
_91831
650 4 _aComprensión lectora
_91537
905 _aLibro
999 _c100025
_d100025